Govt. of
Madhya Pradesh

The Return of the King (Record no. 31989)

MARC details
000 -LEADER
fixed length control field 004820000a22001810004500
003 - CONTROL NUMBER IDENTIFIER
control field MACL
005 - DATE AND TIME OF LATEST TRANSACTION
control field 20160129144213.0
008 - FIXED-LENGTH DATA ELEMENTS--GENERAL INFORMATION
fixed length control field 160129b xxu||||| |||| 00| 0 eng d
040 ## - CATALOGING SOURCE
Original cataloging agency MACL
Transcribing agency MACL
041 ## - LANGUAGE CODE
Language code of text/sound track or separate title English
082 ## - DEWEY DECIMAL CLASSIFICATION NUMBER
Classification number 823/TOL
100 ## - MAIN ENTRY--PERSONAL NAME
Personal name Tolkien, J R R
9 (RLIN) 35386
245 ## - TITLE STATEMENT
Title The Return of the King
Remainder of title Third part of the Lord of the Rings
260 ## - PUBLICATION, DISTRIBUTION, ETC. (IMPRINT)
Name of publisher, distributor, etc. London Unwin Paperbacks
Date of publication, distribution, etc. 1987
Place of publication, distribution, etc. Britain
350 ## - PRICE (NR) (BK AM CF MU VM SE) [OBSOLETE]
Price 223
650 ## - SUBJECT ADDED ENTRY--TOPICAL TERM
Topical term or geographic name as entry element Fiction
9 (RLIN) 35387
942 ## - ADDED ENTRY ELEMENTS (KOHA)
Koha item type Books
Call number prefix 823/TOL
Source of classification or shelving scheme
Holdings
Withdrawn status Lost status Source of classification or shelving scheme Damaged status Not for loan Home library Current library Date acquired Cost, normal purchase price Total Checkouts Full call number Barcode Date last seen Date last checked out Uniform Resource Identifier Price effective from Koha item type
          MACL MACL 15/04/2015 223.00 1 823/TOL CLC001950 10/12/2016 09/12/2016 32043 15/04/2015 Books